Statistics for All Arizona Zervas Songs

Click here to take the quiz!

General Stats

  • This quiz has been taken 3 times
    (2 since last reset)
  • The average score is 16 of 33

Answer Stats

Album Song % Correct
SingleRIP
100%
SingleRoxanne
100%
SingleDrinking Problem
100%
SingleRace
100%
SingleNo I in Team
100%
Living FactsFML
100%
SingleSh*t You Love
50%
Single24
50%
SingleFast
50%
SingleLM$
50%
SingleDrain Me
50%
SingleParted Ways
50%
SingleL O Well
50%
SingleBossin'
50%
Living FactsWhen I Die
50%
Living FactsLiving Facts
50%
SingleDon't Hit My Line
50%
SingleZone
50%
SinglePace
50%
SingleBlvd
50%
SingleHigh Up
50%
SingleBad Luck
50%
SingleHelen Keller
50%
SingleSwerve
50%
SingleUber
50%
SingleHomies
50%
SingleOn My Mind
0%
SingleCold
0%
SingleStop Searching
0%
SingleOld Ways
0%
SingleMy Language
0%
SingleThis Feeling
0%
SingleComing Up
0%

Score Distribution

Percentile by Number Answered

Percent of People with Each Score

Your Score History

You have not taken this quiz since the last reset